Normal view
MARC view
Entry Personal Name
001 - CONTROL NUMBER
- control field: 7686
003 - CONTROL NUMBER IDENTIFIER
- control field: BD-RjUL
005 - DATE AND TIME OF LATEST TRANSACTION
- control field: 20230525154946.0
008 - FIXED-LENGTH DATA ELEMENTS
- fixed length control field: 230525|| aca||aabn | a|a d
040 ## - CATALOGING SOURCE
- Original cataloging agency: BD-RjUL
- Transcribing agency: BD-RjUL
100 ## - HEADING--PERSONAL NAME
- Personal name: ভিক্ষু, বিধুর (সম্পাদক)
670 ## - SOURCE DATA FOUND
- Source citation: Work cat.: (BD-RjUL)81464: মহামানব গৌতম বুদ্ধ /, ২০১৮, [মুদ্রণ ২০২৩]